| 000 | 01245cam a2200253 4500500 | ||
|---|---|---|---|
| 005 | 20260222002925.0 | ||
| 041 | _afre | ||
| 042 | _adc | ||
| 100 | 1 | 0 |
_aJay, Emmanuelle _eauthor |
| 245 | 0 | 0 | _aCe qui émerge à la force des poings |
| 260 | _c2026. | ||
| 500 | _a7 | ||
| 520 | _aCet article vise à présenter le dispositif psychoboxe fondée par Richard Hellbrunn dans les années 1980, puis à décrire ses principaux processus thérapeutiques dans le cadre de prises en charge des traumatismes extrêmes vécus sur la route du parcours migratoire.Ce dispositif offre au sujet en souffrance un espace pour mettre en mouvement, dans la pensée et dans sa corporalité, sa propre violence et, dans les cas de traumatismes extrêmes, la possibilité de se remémorer, d’élaborer et de transformer. | ||
| 690 | _aagressivité | ||
| 690 | _aclivage narcissique | ||
| 690 | _aeffraction | ||
| 690 | _amigration | ||
| 690 | _anarcissisme de vie | ||
| 690 | _atechnique de psychoboxe | ||
| 690 | _aTraumatisme | ||
| 690 | _aviolences extrêmes | ||
| 786 | 0 | _nLe Coq-héron | 263 | 4 | 2026-02-04 | p. 167-177 | 0335-7899 | |
| 856 | 4 | 1 | _uhttps://shs.cairn.info/revue-le-coq-heron-2025-4-page-167?lang=fr&redirect-ssocas=7080 |
| 999 |
_c1666676 _d1666676 |
||